[Event "GRE-chT"]
[Site "Athens"]
[Date "1997.??.??"]
[Round "6"]
[White "Tsarouhas, Konstantinos"]
[Black "Alvas, Panayotis"]
[Result "1-0"]
[WhiteElo "2230"]
[BlackElo "2150"]
[PlyCount "48"]
[EventDate "1997.??.??"]
[EventType "team-swiss"]
[EventRounds "9"]
[EventCountry "GRE"]
[SourceTitle "EXT 2002"]
[Source "ChessBase"]
[SourceDate "2001.11.25"]
[SourceVersion "1"]
[SourceVersionDate "2001.11.25"]
[SourceQuality "1"]

1. c4 Nf6 2. Nc3 c6 3. e4 d6 4. d4 e5 5. Nf3 Nbd7 6. Be2 a6 7. 0-0 b5 8. cxb5 cxb5 9. b4 Bb7 10. d5 Be7 11. Nd2 0-0 12. Nb3 Rc8 13. Bd2 Rxc3 14. Bxc3 Nxe4 15. Be1 Nef6 16. a4 Qb6 17. axb5 axb5 18. Ra5 Bxd5 19. Rxb5 Qc6 20. Na5 Qa8 21. f3 Be6 22. Bf2 Nd5 23. Qd2 h6 24. Bc4 Ne3 1-0

[Event "GRE-chT"]
[Site "Athens"]
[Date "1996.??.??"]
[Round "5"]
[White "Alvas, Panayotis"]
[Black "Frendzas, Panayotis"]
[Result "0-1"]
[WhiteElo "2150"]
[BlackElo "2405"]
[PlyCount "76"]
[EventDate "1996.??.??"]
[EventType "team"]
[EventRounds "9"]
[EventCountry "GRE"]
[SourceTitle "CBM 055 Extra"]
[Source "ChessBase"]
[SourceDate "1997.01.01"]
[SourceVersion "1"]
[SourceVersionDate "1997.01.01"]
[SourceQuality "1"]

1. d4 Nf6 2. Nf3 d5 3. Bf4 c5 4. e3 Nc6 5. dxc5 e6 6. c4 Bxc5 7. Nc3 0-0 8. Qc2 Qa5 9. Rd1 Ne4 10. cxd5 exd5 11. Be2 Bf5 12. Qb3 Bb4 13. Rxd5 Be6 14. Rxa5 Bxb3 15. Rb5 Nxc3 16. Rxb4 Nxb4 17. bxc3 Nxa2 18. Nd4 Bd5 19. Kd2 Rac8 20. Nf5 Nxc3 21. Ne7+ Kh8 22. Nxc8 Ne4+ 23. Kc2 Rxc8+ 24. Kb2 Nxf2 25. Rf1 Ne4 26. Bg4 Rc5 27. Bd7 Nf6 28. Bh3 Be6 29. Rd1 Rd5 30. Rc1 Bxh3 31. gxh3 h6 32. Bb8 Rb5+ 33. Ka3 Kh7 34. Bd6 Rh5 35. Rg1 Rxh3 36. Bf4 Nd5 37. Bg3 Nxe3 38. Rc1 Nf5 0-1

[Event "Athens op"]
[Site "Athens"]
[Date "1989.??.??"]
[Round "?"]
[White "Alvas, Panayotis"]
[Black "Efstathiou, Damianos"]
[Result "0-1"]
[WhiteElo "2240"]
[BlackElo "2235"]
[PlyCount "64"]
[EventDate "1989.??.??"]
[EventType "swiss"]
[EventRounds "9"]
[EventCountry "GRE"]
[SourceTitle "EXT 1997"]
[Source "ChessBase"]
[SourceDate "1996.11.15"]
[SourceVersion "1"]
[SourceVersionDate "1996.11.15"]
[SourceQuality "1"]

1. e4 c5 2. Nf3 d6 3. c3 Nf6 4. Be2 Bd7 5. e5 dxe5 6. Nxe5 Nc6 7. d4 cxd4 8. cxd4 Nxe5 9. dxe5 Qa5+ 10. Nc3 Qxe5 11. 0-0 Bc6 12. Bf3 Rc8 13. Bxc6+ Rxc6 14. Qa4 a6 15. Bf4 Qc5 16. Rad1 e6 17. Ne4 Qc4 18. Nxf6+ gxf6 19. Qa5 Be7 20. Qd2 0-0 21. Qe3 Kh8 22. Rd7 Bc5 23. Qf3 e5 24. Bh6 Rg8 25. Rxb7 Bd4 26. b3 Qe6 27. Qh5 f5 28. Rxf7 Qxh6 29. Qxf5 Rcg6 30. g3 Rxg3+ 31. Kh1 Rg2 32. h3 Qg6 0-1

[Event "Athens op"]
[Site "Athens"]
[Date "1989.??.??"]
[Round "?"]
[White "Alvas, Panayotis"]
[Black "Karagiannis, Athanasios"]
[Result "1/2-1/2"]
[WhiteElo "2240"]
[BlackElo "2210"]
[PlyCount "145"]
[EventDate "1989.??.??"]
[EventType "swiss"]
[EventRounds "9"]
[EventCountry "GRE"]
[SourceTitle "EXT 1997"]
[Source "ChessBase"]
[SourceDate "1996.11.15"]
[SourceVersion "1"]
[SourceVersionDate "1996.11.15"]
[SourceQuality "1"]

1. Nf3 c5 2. d3 d5 3. Nbd2 Nc6 4. e4 Nf6 5. c3 e6 6. Be2 Be7 7. 0-0 0-0 8. Re1 Qc7 9. Bf1 dxe4 10. dxe4 Rd8 11. Qc2 b6 12. a4 Bb7 13. Nc4 Na5 14. Nxa5 bxa5 15. Bc4 Nd7 16. Bg5 Bxg5 17. Nxg5 Qf4 18. Nh3 Qh4 19. Bf1 Ne5 20. f3 c4 21. Red1 Qe7 22. Rd4 Qc5 23. Qf2 Qc7 24. Rad1 Bc6 25. Rxd8+ Rxd8 26. Rxd8+ Qxd8 27. Qd4 Qb6 28. Nf2 f6 29. Bxc4 Kf7 30. Qxb6 axb6 31. Bb3 Ke7 32. Kf1 b5 33. axb5 Bxb5+ 34. Ke1 Kd6 35. Nd1 f5 36. exf5 exf5 37. Bc2 g6 38. f4 Ng4 39. h3 Nf6 40. g3 Bc6 41. Ne3 Kc5 42. Kf2 Be4 43. Bd1 Bc6 44. Nf1 Ne4+ 45. Ke3 Nf6 46. Nd2 Nd5+ 47. Kd3 Bb5+ 48. c4 Ba6 49. Bf3 Nb6 50. b3 Bc8 51. Kc3 Nd7 52. Nf1 Nf6 53. Ne3 Be6 54. Nd1 Ne4+ 55. Bxe4 fxe4 56. g4 h5 57. Ne3 hxg4 58. hxg4 Bd7 59. f5 gxf5 60. gxf5 Be8 61. Nd1 Bh5 62. Ne3 Bf7 63. Ng4 Bh5 64. f6 Kd6 65. Nh6 e3 66. c5+ Kxc5 67. f7 Bxf7 68. Nxf7 e2 69. Kd2 Kb4 70. Kxe2 Kxb3 71. Kd2 a4 72. Ne5 a3 73. Nd3 1/2-1/2

[Event "Athens op"]
[Site "Athens"]
[Date "1989.??.??"]
[Round "?"]
[White "Pandavos, Panayotis"]
[Black "Alvas, Panayotis"]
[Result "1-0"]
[WhiteElo "2300"]
[BlackElo "2240"]
[PlyCount "67"]
[EventDate "1989.??.??"]
[EventType "swiss"]
[EventRounds "9"]
[EventCountry "GRE"]
[SourceTitle "EXT 1997"]
[Source "ChessBase"]
[SourceDate "1996.11.15"]
[SourceVersion "1"]
[SourceVersionDate "1996.11.15"]
[SourceQuality "1"]

1. e4 e5 2. Nf3 d6 3. d4 Nf6 4. Nc3 Nbd7 5. Bc4 Be7 6. Qe2 0-0 7. 0-0 c6 8. a4 a5 9. h3 Qe8 10. d5 Bd8 11. Rd1 Qe7 12. Be3 Bb6 13. Ra3 Kh8 14. Rb3 Bxe3 15. Qxe3 Nc5 16. Ra3 h6 17. Bf1 Rg8 18. Nh4 Nh5 19. Nf5 Bxf5 20. exf5 Rgd8 21. Qf3 Nf6 22. g4 Rac8 23. Raa1 e4 24. Qf4 Qe5 25. Qxe5 dxe5 26. dxc6 bxc6 27. Bg2 Kg8 28. b3 Kf8 29. Rac1 Rd4 30. Re1 Rcd8 31. Ne2 Rd2 32. Ng3 R8d4 33. Nf1 e3 34. fxe3 1-0